000 00316nam a22001097a 4500
999 _c15113
_d15113
008 200304b ||||| |||| 00| 0 eng d
245 _aFilipino brands promoted abroad.
260 _aDavao City, Philippines;
_bSunstar Davao,
_c©2019.
300 _apage 12;
_c29.5cm.
650 _aMarketing.
_941846
942 _2ddc
_cPER